Успешный опыт реструктуризации машиностроительного предприятия в моногороде Юрга; Актуальные проблемы современного машиностроения

Dades bibliogràfiques
Parent link:Актуальные проблемы современного машиностроения.— 2014.— [С. 454-457]
Autor principal: Шабашев В. А. Владимир Алексеевич
Autor corporatiu: Национальный исследовательский Томский политехнический университет (ТПУ) Юргинский технологический институт (филиал) (ЮТИ) Кафедра экономики и автоматизации систем управления (ЭАСУ)
Altres autors: Трифонов В. А. Владимир Александрович, Добрычева И. В. Ирина Викторовна
Sumari:Заглавие с титульного экрана
Idioma:rus
Publicat: 2014
Col·lecció:Проблемы экологии и экономики в машиностроении
Matèries:
Accés en línia:http://earchive.tpu.ru/handle/11683/19009
Format: MixedMaterials Electrònic Capítol de llibre
KOHA link:https://koha.lib.tpu.ru/cgi-bin/koha/opac-detail.pl?biblionumber=610842

MARC

LEADER 00000naa2a2200000 4500
001 610842
005 20231102023250.0
035 |a (RuTPU)RU\TPU\conf\8475 
035 |a RU\TPU\conf\8474 
090 |a 610842 
100 |a 20150205d2014 k y0rusy50 ca 
101 0 |a rus 
102 |a RU 
105 |a y z 101zy 
135 |a drcn ---uucaa 
181 0 |a i  
182 0 |a b 
200 1 |a Успешный опыт реструктуризации машиностроительного предприятия в моногороде Юрга  |f В. А. Шабашев, В. А. Трифонов, И. В. Добрычева 
203 |a Текст  |c электронный 
225 1 |a Проблемы экологии и экономики в машиностроении 
230 |a 1 компьютерный файл (pdf; 301 Кb) 
300 |a Заглавие с титульного экрана 
320 |a [Библиогр.: с. 457 (18 назв.)] 
337 |a Adobe Reader 
463 0 |0 (RuTPU)RU\TPU\conf\7793  |t Актуальные проблемы современного машиностроения  |o сборник трудов Международной научно-практической конференции, г. Юрга, 11-12 декабря 2014 г.  |f Национальный исследовательский Томский политехнический университет (ТПУ), Юргинский технологический институт (ЮТИ) ; ред. кол. Д. В. Валуев [и др.]  |v [С. 454-457]  |d 2014 
610 1 |a труды учёных ТПУ 
610 1 |a электронный ресурс 
610 1 |a реструктуризация 
610 1 |a машиностроительные предприятия 
610 1 |a моногорода 
610 1 |a Юрга 
610 1 |a Россия 
700 1 |a Шабашев  |b В. А.  |c экономист  |c профессор Юргинского технологического института Томского политехнического университета, доктор экономических наук  |f 1938-  |g Владимир Алексеевич  |2 stltpush  |3 (RuTPU)RU\TPU\pers\33464  |9 17144 
701 1 |a Трифонов  |b В. А.  |c экономист  |c доцент Юргинского технологического института Томского политехнического университета, кандидат экономических наук  |f 1964-  |g Владимир Александрович  |2 stltpush  |3 (RuTPU)RU\TPU\pers\31908  |9 15978 
701 1 |a Добрычева  |b И. В.  |c экономист  |c ассистент Юргинского технологического института Томского политехнического университета  |f 1981-  |g Ирина Викторовна  |2 stltpush  |3 (RuTPU)RU\TPU\pers\33465  |9 17145 
712 0 2 |a Национальный исследовательский Томский политехнический университет (ТПУ)  |b Юргинский технологический институт (филиал) (ЮТИ)  |b Кафедра экономики и автоматизации систем управления (ЭАСУ)  |h 360  |2 stltpush  |3 (RuTPU)RU\TPU\col\18900 
801 2 |a RU  |b 63413507  |c 20221122  |g RCR 
856 4 |u http://earchive.tpu.ru/handle/11683/19009 
942 |c BK